ՀՀ Գիտությունների ազգային ակադեմիայի հիմնարար գիտական գրադարան  =   Fundamental Scientific Library of NAS RA

Избранное : (Record no. 523464)

MARC details
000 -LEADER
fixed length control field 01080nam a22002057a 4500
003 - CONTROL NUMBER IDENTIFIER
control field AM-YEHGA
005 - DATE AND TIME OF LATEST TRANSACTION
control field 20250617164423.0
008 - FIXED-LENGTH DATA ELEMENTS--GENERAL INFORMATION
fixed length control field 220201b ||||| |||| 00| 0 rus d
040 ## - CATALOGING SOURCE
Original cataloging agency AM-YeHGA
041 0# - LANGUAGE CODE
Language code of text/sound track or separate title rus
001 - CONTROL NUMBER
control field 1816241
090 ## - LOCALLY ASSIGNED LC-TYPE CALL NUMBER (OCLC); LOCAL CALL NUMBER (RLIN)
-- 529776
100 1# - MAIN ENTRY--PERSONAL NAME
Personal name Лесков, Николай Семенович.
245 10 - TITLE STATEMENT
Title Избранное :
Remainder of title Повести, рассказы, сказки /
Statement of responsibility, etc. Н.С. Лесков
260 ## - PUBLICATION, DISTRIBUTION, ETC.
Place of publication, distribution, etc. Томск :
Name of publisher, distributor, etc. Кн. изд-во,
Date of publication, distribution, etc. 1962
300 ## - PHYSICAL DESCRIPTION
Extent 416 с.
505 0# - FORMATTED CONTENTS NOTE
Formatted contents note Язвительный; Леди Макбет Мценского уезда; Очарованный странник; Левша; Приведение в Инженерном замке; Тупейный художник; Маленькая ошибка; Зверь; Старый гений; Заметки неизвестного; Человек на часах; Час воли божией; Продукт природы; Административная грация
653 0# - INDEX TERM--UNCONTROLLED
Uncontrolled term Русская литература, 19 в.
942 ## - ADDED ENTRY ELEMENTS (KOHA)
Source of classification or shelving scheme Universal Decimal Classification
Koha item type Գրքեր / Books
Holdings
Withdrawn status Lost status Damaged status Not for loan Collection Home library Current library Date acquired Total checkouts Full call number Barcode Date last seen Price effective from Koha item type Public note
        General Fundamental Scientific Library Fundamental Scientific Library 01/02/2022   РII/70265 FL0673031 01/02/2022 01/02/2022 Գրքեր / Books 30 Days Loan


ՀՀ ԳԱԱ հիմնարար գիտական գրադարան
ՀՀ,Երևան 0019
Մարշալ Բաղրամյան 24/6
հեռախոս:(374-10) 52-47-50
Հետադարձ կապ

All site content, except where otherwise noted, is licensed under a
Creative Commons License